000 00265nam a2200109Ia 4500
008 220204s9999 xx 000 0 und d
082 _bHIL
100 _aHill, Napolean
245 0 _aYou can work your own miracles
260 _aNew York
_bFawcett
_c1971
942 _cBK
999 _c33454
_d33454